Sports Quiz

Random Sports or NBA Quiz

Big 4 Longest Active Playoff Droughts Quiz Stats

 Plays Quiz Updated Jan 7, 2019

Challenge
Share
Tweet
Embed
Score 0/18 Timer 02:00
2 Plays Today
League Team/Franchise % Correct
NFLCleveland Browns
65.3%
MLBCincinnati Reds
58.8%
NFLNew York Jets
48.4%
MLBSeattle Mariners
48.4%
MLBSan Diego Padres
46.8%
MLBTampa Bay Rays
44.3%
MLBMiami Marlins
40.4%
MLBChicago White Sox
37.2%
NBASacramento Kings
36.6%
League Team/Franchise % Correct
NFLTampa Bay Buccaneers
35%
MLBPhiladelphia Phillies
31.5%
NHLArizona Coyotes
20.2%
NBAPhoenix Suns
19.1%
NFLSan Francisco 49ers
18.5%
NHLBuffalo Sabres
17.4%
NHLCarolina Hurricanes
15%
NBAOrlando Magic
2.3%
NBALos Angeles Lakers
1.7%

You're not logged in!

Compare scores with friends on all Sporcle quizzes.
OR
Log In

You Might Also Like...

Show Comments

Extras

Top Quizzes Today


Score Distribution

Your Account Isn't Verified!

In order to create a playlist on Sporcle, you need to verify the email address you used during registration. Go to your Sporcle Settings to finish the process.

Report this User

Report this user for behavior that violates our Community Guidelines.

Details: